All Wonder Woman Villains - Statistics

General Stats
  • This quiz has been taken 24 times
  • The average score is 13 of 71
Answer Stats
Answer % Correct
Ares
94%
Cheetah
82%
Giganta
76%
Circe
71%
Zeus
59%
Dr. Poison
53%
Dr. Psycho
53%
Hades
53%
Silver Swan
47%
Veronica Cale
47%
Angle Man
41%
Blue Snowman
41%
Hercules
41%
Hera
35%
Maxwell Lord
35%
Dr. Cyber
29%
Grail
29%
Medusa
29%
Deimos
24%
Egg Fu
24%
Genocide
24%
Phobos
24%
Queen Clea
24%
Armageddon
18%
Baroness Paula von Gunther
18%
Decay
18%
Devastation
18%
Eris
18%
First Born
18%
Minister Blizzard
18%
Mouse Man
18%
Superwoman
18%
Duke of Deception
12%
Echidna
12%
Eros
12%
Eviless
12%
Hypnota
12%
Queen Atomia
12%
Queen of Fables
12%
Zara
12%
Earl of Greed
6%
Gundra
6%
Hecate
6%
Image Maker
6%
Typhon
6%
Urzkartaga
6%
Alkyone
0%
Badra
0%
Blakfu
0%
Countess Draska Nishki
0%
Cronos
0%
Crystallar
0%
Dalma
0%
Euryale
0%
Fausta Grables
0%
Flamina
0%
Gentleman Killer
0%
Inside-Out Man
0%
King Ironsides
0%
Lord Conquest
0%
Mavis
0%
Osira
0%
Perfection
0%
Princess Yasmini
0%
Purple Priestess
0%
Queen Desira
0%
Sharkeeta
0%
Shteno
0%
Solo
0%
The Mask
0%
Tigra Tropica
0%
No matching quizzes found
Score Distribution
Percent of People with Each Score
Percentile by Number Answered
Your Score History
You have not taken this quiz